000 00778nas a2200265 4500
001 BR0805837
003 BR-BrBNA
005 20231205112503.0
007 ta
008 230509b bl.|||p| |||| 00| 00por d
040 _aBR-BrBNA
_bpor
_cBiblioteca Nacional de Agricultura
041 _a(Pt)
072 _aH20
100 1 _aSilva, F.N.
100 1 _aNickel, O.
100 1 _aFajardo, T.V.M.
100 1 _aBogo, A.
245 1 _aIndexação biológica múltipla e RT-PCR para detecção de vírus latentes em macieiras
650 _aMAÇÃ
650 _aVIRUS
650 _aSINTOMA
773 0 _tTropical Plant Pathology (Brazil)
_xISSN 1982-5676
_g(Mar-Apr 2008), v. 33(2) p. 157-161
_wBR0805837
909 _a202311
_bLúcia
_c55
_dLúcia Elande
942 _2AGRIS
_n0
_cANA
999 _c198319
_d198319